Zdaňovanie príjmov športovcov

Charakter zmluvy medzi športovcom - reprezentantom a druhou osobou. Otázky zdaniteľného príjmu športovcov a rozhodcov.

Uložené v:
Podrobná bibliografia
Hlavný autor: Boráková, Marta
Médium: Kapitola
Jazyk:Slovak
Predmet:
Tagy: Pridať tag
Žiadne tagy, Buďte prvý, kto otaguje tento záznam!

MARC

LEADER 00000naa a2200000 4500
001 0192113
005 20231120130252.6
041 0 |a slo 
044 |a SK 
245 1 0 |a Zdaňovanie príjmov športovcov  |c Marta Boráková 
520 |a Charakter zmluvy medzi športovcom - reprezentantom a druhou osobou. Otázky zdaniteľného príjmu športovcov a rozhodcov. 
610 2 0 |a šport 
610 2 0 |a osoby fyzické 
610 2 0 |a dane z príjmov 
610 2 0 |a zdaňovanie 
100 1 |a Boráková, Marta